Statistics for Lil Loaded Songs

Click here to take the quiz!

General Stats

  • This quiz has been taken 26 times
  • The average score is 17 of 44

Answer Stats

Answer% Correct
6locc 6a6y
85%
6locc 6a6y
(NLE Choppa Remix)
85%
Gang Unit
80%
Gang Unit (YG Remix)
80%
The Dash
70%
Opps On Fire
65%
Avatar ft. King Von
60%
Out My Body
55%
High School Dropout
50%
Narco
50%
T'd Up
50%
Emotional Killer
45%
Link Up ft. Pooh Shiesty
45%
24 Kobe
40%
Cell Tales
40%
On My Momma
40%
While I'm Here ft. Polo G
40%
Always Win
35%
Shipment
35%
Shotta Shit
35%
Straight In Freestyle
35%
To The Max
35%
6acc Doe
30%
6acc On The 6locc
30%
Hard Times ft. Hotboii
30%
Hit Em Up
30%
Loaded Lean
30%
Madness
30%
Same Thang
30%
Smoke Today
30%
6locc 6a6y Ways
25%
Every Time We Step
25%
Hood Anthem
25%
Lil Bro
25%
Rocc Dis
25%
Stay 6lue
25%
Wit The Business
25%
Woken Dreams
25%
GOAT Freestyle
20%
Racks
20%
Raw Shit
20%
Wit The Shits
20%
Right Now ft. BigKayBeezy
15%
Showdown
15%

Score Distribution

Percentile by Number Answered

Percent of People with Each Score

Your Score History

You have not taken this quiz